Troubleshooting injection moulding

Saved in:
Bibliographic Details
Corporate Author Rapra Technology Limited
Other Authors Goodship, Vannessa (Editor)
Format Book
LanguageEnglish
Published Shawbury, Shrewsbury, Shropshire, U.K. : Rapra Technology, 2004
SeriesRapra review reports
Report
Subjects
ISBN9781859574706
ISSN0889-3144 ;
Physical Description138 s. : il.

Cover

LEADER 00000cam a22000003a 4500
001 34409
003 CZ-ZlUTB
005 20190826000437.0
008 040714s2004 enka 001 0 eng d
020 |a 9781859574706  |q (brož.) 
040 |a CaOON  |b eng  |d ZLD002  |c CaOON 
072 7 |a 678  |x Průmysl makromolekulárních látek. Gumárenský průmysl. Průmysl plastů  |2 Konspekt  |9 19 
080 |a 678.5/.8.027.74  |2 MRF 
080 |a (01)  |2 MRF 
245 0 0 |a Troubleshooting injection moulding /  |c [edited by] Vannessa Goodship 
260 |a Shawbury, Shrewsbury, Shropshire, U.K. :  |b Rapra Technology,  |c 2004 
300 |a 138 s. :  |b il. 
490 1 |a Rapra review reports,  |x 0889-3144 ;  |v v. 15, no. 4 
490 1 |a Report ;  |v 172 
650 0 7 |a vstřikování plastů  |7 ph301389  |2 czenas 
655 7 |a bibliografie  |7 fd131898  |2 czenas 
700 1 |a Goodship, Vannessa  |7 utb2009529920  |4 edt 
710 2 |a Rapra Technology Limited  |7 ko2003206648 
830 0 |a Rapra review reports 
830 0 |a Report 
910 |a ZLD002 
952 |0 0  |1 0  |4 0  |6 6785TROUBLESHOOTING  |7 0  |8 BOOK  |9 79143  |a UTBZL  |b UTBZL  |c 015  |d 2008-01-24  |l 2  |m 3  |o 678.5/TROUBLESHOOTING  |p 420010113884  |q 2027-02-01  |r 2022-02-08 00:00:00  |s 2022-02-08  |v 3739.00  |w 2019-08-26  |x opravit signaturu | N:nákup | 20100930  |y 08 
992 |a BK  |d 1 
999 |c 34409  |d 34409